000 00531nam a2200217Ia 4500
003 OSt
005 20220928140448.0
006 a|||||r|||| 00| 0
007 ta
008 220927b |||||||| |||| 00| 0 eng d
024 _a8513
037 _cTextual
040 _aSDCL
_cSDCL
_beng
041 _2eng
_aeng
082 _aO-3M79x, L1
100 _aForster E M
245 0 _aAlbergo empedocle and other writings.
260 _c1971
942 _hO-3M79x, L1
_cTEXL
_2CC
999 _c811414
_d811414